Most popular girls names in Britain - Statistics

General Stats
  • This quiz has been taken 311 times
  • The average score is 9 of 25
Answer Stats
Answer % Correct
Emily
63%
Olivia
63%
Charlotte
59%
Sophie
52%
Chloe
46%
Jessica
46%
Grace
44%
Amelia
42%
Ava
42%
Sophia
42%
Isabella
38%
Ella
35%
Mia
35%
Poppy
31%
Isabelle
29%
Daisy
28%
Isla
28%
Ruby
26%
Evie
24%
Freya
22%
Millie
17%
Scarlett
15%
Phoebe
14%
Lilly
13%
Sienna
8%
No matching quizzes found
Score Distribution
Percent of People with Each Score
Percentile by Number Answered
Your Score History
You have not taken this quiz